000 00650nam a2200277Ia 4500
005 20260320195655.0
008 008 262003s9999 xx 000 0 hin d
020 _a9788119159765
037 _aEBOOK
040 _aCRL
040 _bhin
040 _cCRL
041 _2hin
041 _ahin
084 _qCRL
100 _aश्याम बिहारी 'श्यामल'
_91132755
245 0 _aधपेल
250 _a1st
260 _bRajkamal
260 _c2023
300 _a296
856 _uhttps://ebook.indiaread.in/pdfs/9788119159765.pdf
942 _cEBOOK
999 _c1715888
_d1715888